Il était une fois la vie - série d'animation en photos - Statistiques

Statistiques générales
  • Ce quiz a été pris 68 fois
  • Le résultat moyen est 17 sur 25
Statistiques - réponses
Par images Hint Réponse % Correct
M La {moëlle} osseuse
95%
C Le {coeur}
95%
O L'{oeil}
95%
P La {peau}
93%
M Les {muscles} et la graise
90%
O Les {Os} et le squelette
90%
C Le {cerveau}
88%
r Les {reins}
88%
C Les {chaines} de la vie
86%
V Et la {vie} va
84%
S Le {sang}
83%
F L'usine du {foie}
83%
B et D La {bouche} et les {dents}
81%
V La {vaccination}
76%
G {Guerre} aux toxines
71%
N La {naissance}
66%
R La {respiration}
64%
H Les {hormones}
60%
N Les {neurones}
55%
L Le système {lymphatique}
52%
D La {digestion}
47%
T Réparations et {Transformations}
31%
P Les petites {plaquettes}
28%
S Les {sentinelles} du corps humain
28%
PC La {Planète} {cellule}
7%
Aucun quiz correspondant
Distribution des résultats
% des personnes avec chaque résultat
Percentile par nombre de réponses
Votre historique - résultats
Vous n’avez pas pris ce quiz